| 000 | 00694nam a2200301Ia 4500 | ||
|---|---|---|---|
| 005 | 20260401122315.0 | ||
| 008 | 008 250103s9999 xx 000 0 eng d | ||
| 020 | _a9780521515276 | ||
| 037 | _aTB | ||
| 040 | _aEDL | ||
| 040 | _beng | ||
| 040 | _cEDL | ||
| 041 | _2eng | ||
| 041 | _aeng | ||
| 084 | _a954.14 CHA | ||
| 084 | _qEDL | ||
| 100 |
_aChatterji, Joya _91111841 |
||
| 245 | 0 | _aSpoils of Partition: Bengal and India, 1947-1967 | |
| 245 | 0 | _cChatterji, Joya | |
| 260 | _aNew Delhi | ||
| 260 | _bCambridge University Press | ||
| 260 | _c2007 | ||
| 300 | _a342p | ||
| 942 | _cTB | ||
| 942 | _h954.14 CHA | ||
| 999 |
_c1846399 _d1846399 |
||